| 000 | 01063cam a22002771i 4500 | ||
|---|---|---|---|
| 003 | SA-RiAUC | ||
| 005 | 20241017073033.0 | ||
| 008 | 241016s1983 su g b 00000 ara c | ||
| 020 | _z1000636 | ||
| 040 |
_aSA-RiAUC _bara _cSA-RiAUC _erda |
||
| 050 | 4 | _b.W34 1983 | |
| 082 | 0 | 4 |
_a189.1 _qSA-RiAUC |
| 090 |
_a189.1 _bو هـ ب |
||
| 100 | 1 |
_aوهبة، توفيق علي، _d1940- _eمؤلف. |
|
| 245 | 1 | 0 |
_aشبهات وانحرافات في التفكير الإسلامي المعاصر / _cتأليف توفيق علي وهبة. |
| 250 | _aالطبعة الخامسة، مزيدة ومنقحة. | ||
| 264 | 1 |
_aالرياض : _bدار اللواء، _c1983 |
|
| 300 |
_a227 صفحة ؛ _c24 سم |
||
| 336 |
_aنص _btxt _2rdacontent _3كتاب |
||
| 337 |
_aبدون وسيط _bn _2rdamedia |
||
| 338 |
_aمجلد _bnc _2rdacarrier |
||
| 504 | _aيشتمل على إرجاعات ببليوجرافية. | ||
| 650 | 7 |
_aالفلسفة الإسلامية _yقرن 20 _2aucsh |
|
| 942 |
_2ddc _cBOOK _n0 |
||
| 949 |
_aSA-JeALM _d241016 _umohamedma123 _n1 |
||
| 999 |
_c1446 _d1446 |
||